000 01709nam a2200397 a 4500
001 ebr10527224
003 CaPaEBR
006 m u
007 cr cn|||||||||
008 110818s2011 dcuad sb 001 0 eng d
010 _z 2011034139
020 _z9780821386880
020 _z9780821387443 (e-book)
040 _aCaPaEBR
_cCaPaEBR
035 _a(OCoLC)773566705
043 _acl-----
_ad------
050 1 4 _aHD3616.L32
_bD484 2011eb
082 0 4 _a338.98
_223
100 1 _aDevlin, Robert.
245 1 0 _aBreeding Latin American tigers
_h[electronic resource] :
_boperational principles for rehabilitating industrial policies in the region /
_cRobert Devlin, Graciela Moguillansky.
260 _aWashington, D.C. :
_bWorld Bank,
_cc2011.
300 _axxiii, 271 p. :
_bill.
490 1 _aLatin American development forum series
500 _a"A copublication of United Nations Economic Commission for Latin America and the Caribbean and the World Bank."
504 _aIncludes bibliographical references and index.
533 _aElectronic reproduction.
_bPalo Alto, Calif. :
_cebrary,
_d2012.
_nAvailable via World Wide Web.
_nAccess may be limited to ebrary affiliated libraries.
650 0 _aIndustrial policy
_zLatin America.
650 0 _aIndustrial policy
_zDeveloping countries.
650 0 _aEconomic development
_zLatin America.
651 0 _aLatin America
_xEconomic policy.
655 7 _aElectronic books.
_2local
700 1 _aMoguillansky, Graciela.
710 2 _aebrary, Inc.
830 0 _aLatin American development forum.
856 4 0 _uhttp://site.ebrary.com/lib/rucke/Doc?id=10527224
_zAn electronic book accessible through the World Wide Web; click to view
999 _c144895
_d144895